New furniture catalogue / (Record no. 104394)

MARC details
000 -LEADER
fixed length control field 00516nam a22001817a 4500
005 - DATE AND TIME OF LATEST TRANSACTION
control field 20161110121437.0
010 ## - LCCN (DPL NO)
LC control number ENG-116384
020 ## - INTERNATIONAL STANDARD BOOK NUMBER
International Standard Book Number 9789381384848
Terms of availability 200.00
020 ## - INTERNATIONAL STANDARD BOOK NUMBER
International Standard Book Number 9381384843
Terms of availability 200.00
035 ## - SYSTEM CONTROL NUMBER
System control number EN-99916
037 ## - SOURCE OF ACQUISITION
Source of stock number/acquisition DBAD/PUB
082 ## - DEWEY DECIMAL CLASSIFICATION NUMBER
Classification number 684.10029
245 ## - TITLE STATEMENT
Title New furniture catalogue /
260 ## - PUBLICATION, DISTRIBUTION, ETC. (IMPRINT)
Place of publication, distribution, etc New Delhi
Name of publisher, distributor, etc V&S publishers
Date of publication, distribution, etc 2012
270 ## - ADDRESS
Address F2/16,Ansari Road Daryaganj
City New Delhi
Postal code 110002
300 ## - PHYSICAL DESCRIPTION
Extent 168p.:
Dimensions 24cm(pbk)
Other physical details ill
942 ## - ADDED ENTRY ELEMENTS (KOHA)
Source of classification or shelving scheme Dewey Decimal Classification
Item type English Books
Call number suffix NEW
Classification part 684.10029
Holdings
Withdrawn status Lost status Not for loan Collection code Home library Current library Date acquired Source of acquisition Cost, normal purchase price Full call number Barcode Copy number Cost, replacement price Koha item type
    Not For Loan Non-fiction D.B.Act.Division D.B.Act.Division 31/10/2016 DBAD/PUB 200.00 684.10029 NEW EN-99916 1 200.00 English Books

© Delhi Public Library
Hit Counter
free hit counter